000 01101nam a2200265 i 4500
001 bg
100 1 _aPAWLIKOWSKI, Jan
245 1 0 _aRóżnicowanie klas niezawodności konstrukcji z betonu =
_bDifferentiation of reliability classes of concrete structures /
_cJan Pawlikowski.
260 _aWarszawa :
_bWydaw. ITB,
_c2003.
300 _a109 s. :
_bwykr. ;
_c24 cm.
490 1 _aPrace Naukowe Instytutu Techniki Budowlanej. Monografie =
_aScientific Papers of the Building Research Institute. Monographs
500 _aTyt. równol.: Differentiation of reliability classes of concrete structures. Streszcz. pol. i ang.
504 _aBibliogr.
650 9 _aKonstrukcje betonowe
_xbadanie
650 9 _aKonstrukcje betonowe
_xbezpieczeństwo
830 0 _aPrace Naukowe Instytutu Techniki Budowlanej. Monografie
020 _a837370955X
040 _cBPK
041 0 _apol
_beng
080 _a624.012.4
920 _a83-7370-955-X
942 _cKS
008 s pl f |000 0 pol
999 _c44202
_d44202
856 _uhttp://koha.tu.koszalin.pl/cgi-bin/koha/opac-detail.pl?biblionumber=44202
_yKatalog online BPK